Nine Word Hints for Nine Letter Films Quiz Stats

 Plays Quiz Updated Sep 2, 2019

Score 0/24 Timer 03:00
15 Plays Today
% Correct
Black Swan
95.5%
Free Willy
94.8%
Cleopatra
93.9%
Fight Club
92.1%
Halloween
88.1%
Moneyball
87.9%
Octopussy
87.6%
Spartacus
87.2%
Gladiator
85.6%
Manhattan
84.1%
Inception
77.8%
Easy Rider
73.8%
% Correct
Anastasia
69.6%
Suspicion
69%
Dick Tracy
68.4%
Gallipoli
67.8%
Atonement
67.5%
Logan's Run
57.9%
Hairspray
56.9%
Paper Moon
55%
Chinatown
53.3%
Death Wish
49%
Get Carter
37.4%
White Heat
37.3%

You're not logged in!

Compare scores with friends on all Sporcle quizzes.
OR
Log In

Sporcle TV

Today on Sporcle TV


Watch our educational content, quiz creation guides, and fun videos on Sporcle TV.

Show Comments

Extras

Top Quizzes Today


Score Distribution

Your Account Isn't Verified!

In order to create a playlist on Sporcle, you need to verify the email address you used during registration. Go to your Sporcle Settings to finish the process.

Report this User

Report this user for behavior that violates our Community Guidelines.

Details: